| 000 | 00810cam a2200217 i 4500 | ||
|---|---|---|---|
| 999 |
_c57857 _d57857 |
||
| 001 | 20044120 | ||
| 005 | 20221108144243.0 | ||
| 008 | 171002s2018 njua b 001 0 eng | ||
| 020 | _a9780470674581x | ||
| 041 | _aeng | ||
| 080 | _a658 B-80 | ||
| 100 | 1 |
_aBotan, Carl H. _910541 |
|
| 245 | 1 | 0 |
_aStrategic communication theory and practice : _bthe cocreational model / _cCarl H. Botan. |
| 250 | _aFirst edition. | ||
| 264 | 1 |
_aHoboken : _bWiley Blackwell, _c2018. |
|
| 300 |
_a 234 pages : _billustrations ; _c24 cm. |
||
| 504 | _abibliographical p. 197-221 | ||
| 653 | _aსტრატეგიული კომუნიკაციის თეორია და პრაქტიკა | ||
| 653 | _aკომუნიკაცია ორგანიზაციებში | ||
| 942 |
_2udc _cBK |
||